Boiler feed water treatment (Record no. 1794)

000 -LEADER
fixed length control field 00441nam a22001577a 4500
008 - FIXED-LENGTH DATA ELEMENTS--GENERAL INFORMATION
fixed length control field 200204b ||||| |||| 00| 0 eng d
082 00 - DEWEY DECIMAL CLASSIFICATION NUMBER
Classification number 621.19
Item number M4381
100 ## - MAIN ENTRY--PERSONAL NAME
9 (RLIN) 135
Personal name Matthews, F. J.
245 10 - TITLE STATEMENT
Title Boiler feed water treatment
250 ## - EDITION STATEMENT
Edition statement 3rd
260 ## - PUBLICATION, DISTRIBUTION, ETC. (IMPRINT)
Place of publication, distribution, etc Matthews,
Name of publisher, distributor, etc Hutchinson's Scientific and technical Publication
Date of publication, distribution, etc 1948
300 ## - PHYSICAL DESCRIPTION
Extent 207p.
365 ## - TRADE PRICE
Unit of pricing 14.07
650 #0 - SUBJECT ADDED ENTRY--TOPICAL TERM
Topical term or geographic name as entry element Feed- Water Purification
942 ## - ADDED ENTRY ELEMENTS (KOHA)
Item type Books
Holdings
Withdrawn status Lost status Source of classification or shelving scheme Damaged status Not for loan Permanent location Current location Date acquired Source of acquisition Full call number Barcode Date last seen Koha item type
          IMU Kolkata IMU Kolkata 1953-02-25 A. H. Wheeler 621.19 M4381 01519 2020-02-04 Books
          IMU Kolkata IMU Kolkata 1953-02-25 A. H. Wheeler 621.19 M4381 01520 2020-02-04 Books
Designed and Maintained by IMU-KC Library, Kolkata Campus © Copyright All Rights Reserved

webs counters

Powered by Koha